[Event "KGZ-ch"]
[Site "Bishkek"]
[Date "2023.05.08"]
[Round "11"]
[White "Tapaev, Totuhan"]
[Black "Markov, Mikhail2222"]
[Result "0-1"]
[WhiteElo "1885"]
[BlackElo "2347"]
[PlyCount "102"]
[EventDate "2023.04.28"]
[EventType "tourn"]
[EventRounds "11"]
[EventCountry "KGZ"]
[SourceTitle "CBM 214 Extra"]
[Source "ChessBase"]
[SourceDate "2023.07.31"]
[SourceVersion "1"]
[SourceVersionDate "2023.07.31"]
[SourceQuality "1"]

1. e4 d5 2. exd5 Qxd5 3. Nc3 Qa5 4. d4 c6 5. Nf3 Nf6 6. Bc4 Bg4 7. h3 Bxf3 8. Qxf3 e6 9. Bd2 Qc7 10. 0-0-0 Nbd7 11. g4 Bd6 12. g5 Nd5 13. Bxd5 cxd5 14. Nb5 Qb6 15. Nxd6+ Qxd6 16. h4 0-0 17. h5 f5 18. Bf4 Qa6 19. Qe3 Rac8 20. g6 Rf6 21. gxh7+ Kxh7 22. Kb1 Qc4 23. c3 e5 24. Bxe5 Ra6 25. Rdg1 Nxe5 26. Qxe5 Qxa2+ 27. Kc2 Qa4+ 28. Kd2 Qd7 29. h6 gxh6 30. Rh5 Rf8 31. Re1 Rf7 32. Qf4 Rb6 33. Re5 Rbf6 34. Qf3 Qb5 35. b4 Qa4 36. Rxd5 Qa2+ 37. Kd3 Qb1+ 38. Kd2 b6 39. Re5 Qb2+ 40. Ke1 a5 41. bxa5 Qa1+ 42. Kd2 bxa5 43. Qd3 Rb7 44. Ke3 Rb2 45. d5 Qc1+ 46. Kf3 Rd2 47. Re7+ Kg6 48. Rxh6+ Kxh6 49. Qe3+ f4 50. Rh7+ Kxh7 51. Qe4+ Kh6 0-1

[Event "KGZ Olimp U16 qual"]
[Site "Bishkek"]
[Date "2019.09.08"]
[Round "6"]
[White "Kasymova, Eliza"]
[Black "Tapaev, Totuhan"]
[Result "0-1"]
[WhiteElo "1238"]
[BlackElo "1537"]
[PlyCount "63"]
[EventDate "2019.09.05"]
[EventType "swiss"]
[EventRounds "9"]
[EventCountry "KGZ"]
[SourceTitle "CBM 195 Extra"]
[Source "ChessBase"]
[SourceDate "2020.05.31"]
[SourceVersion "1"]
[SourceVersionDate "2020.05.31"]
[SourceQuality "1"]

1. c4 e6 2. Nc3 d5 3. e3 Nf6 4. d4 b6 5. Nf3 Bb7 6. cxd5 Nxd5 7. Bb5+ c6 8. Be2 Be7 9. 0-0 0-0 10. e4 Nxc3 11. bxc3 c5 12. Bd3 cxd4 13. cxd4 Nc6 14. Bb2 g6 15. e5 Qd7 16. Qd2 Rfd8 17. Bc4 Bf8 18. Rad1 Rac8 19. Bb3 Na5 20. Ng5 h6 21. Nh3 Nxb3 22. axb3 Qd5 23. f4 Qxb3 24. Rc1 Bb4 25. Qf2 Ba3 26. Bxa3 Qxa3 27. Ra1 Qd3 28. Rxa7 Rc2 29. Qg3 Rxg2+ 30. Qxg2 Bxg2 31. Kxg2 Qe4+ 32. Kg1 0-1

[Event "KGZ Olimp U16 qual"]
[Site "Bishkek"]
[Date "2019.09.07"]
[Round "4"]
[White "Bakytova, Begimay"]
[Black "Tapaev, Totuhan"]
[Result "0-1"]
[WhiteElo "1295"]
[BlackElo "1537"]
[PlyCount "82"]
[EventDate "2019.09.05"]
[EventType "swiss"]
[EventRounds "9"]
[EventCountry "KGZ"]
[SourceTitle "CBM 195 Extra"]
[Source "ChessBase"]
[SourceDate "2020.05.31"]
[SourceVersion "1"]
[SourceVersionDate "2020.05.31"]
[SourceQuality "1"]

1. d4 Nf6 2. Nf3 d5 3. Bf4 Bf5 4. e3 c6 5. c4 e6 6. a3 Bd6 7. Bxd6 Qxd6 8. Nc3 0-0 9. cxd5 cxd5 10. Bd3 Bxd3 11. Qxd3 Nc6 12. 0-0 Na5 13. Nd2 Rfc8 14. b4 Nc4 15. Rfc1 a6 16. Na4 b5 17. Nc5 Nd7 18. Ndb3 Ndb6 19. h3 f6 20. f3 e5 21. e4 dxe4 22. Nxe4 Qd8 23. Nec5 exd4 24. Ne6 Qd6 25. Nexd4 Rd8 26. Qf5 Re8 27. Re1 Ne3 28. Qc5 Qxc5 29. Nxc5 Nbc4 30. Re2 Rec8 31. Kf2 Nd5 32. Ndb3 a5 33. Ree1 axb4 34. axb4 Nxb4 35. Rxa8 Rxa8 36. Nd4 Rc8 37. Rb1 Rxc5 38. Rxb4 Nd6 39. g3 Kf7 40. h4 h5 41. Ke3 f5 0-1

[Event "KGZ Olimp U16 qual"]
[Site "Bishkek"]
[Date "2019.09.06"]
[Round "3"]
[White "Tapaev, Totuhan"]
[Black "Onufrienko, Vladislav"]
[Result "1/2-1/2"]
[WhiteElo "1537"]
[BlackElo "1858"]
[PlyCount "62"]
[EventDate "2019.09.05"]
[EventType "swiss"]
[EventRounds "9"]
[EventCountry "KGZ"]
[SourceTitle "CBM 195 Extra"]
[Source "ChessBase"]
[SourceDate "2020.05.31"]
[SourceVersion "1"]
[SourceVersionDate "2020.05.31"]
[SourceQuality "1"]

1. d4 f5 2. c4 Nf6 3. Nf3 g6 4. g3 Bg7 5. Bg2 0-0 6. 0-0 d6 7. Nc3 Nc6 8. Bg5 Ne4 9. d5 Nxg5 10. Nxg5 Na5 11. Qa4 c5 12. dxc6 bxc6 13. Bxc6 Nxc6 14. Qxc6 Rb8 15. Qd5+ Kh8 16. Nf7+ Rxf7 17. Qxf7 Rxb2 18. Nd5 e6 19. Qe7 Qxe7 20. Nxe7 Ba6 21. Rab1 Bxc4 22. Rxb2 Bxb2 23. Rb1 Bd4 24. Nc6 Bb6 25. Rc1 Bxe2 26. Nxa7 Bc5 27. a4 Kg7 28. Nb5 Kf6 29. Re1 Bc4 30. Rc1 Be2 31. Rc2 Bd1 1/2-1/2

[Event "KGZ Olimp U16 qual"]
[Site "Bishkek"]
[Date "2019.09.05"]
[Round "2"]
[White "Orozbaev, Eldiar"]
[Black "Tapaev, Totuhan"]
[Result "1-0"]
[WhiteElo "1908"]
[BlackElo "1537"]
[PlyCount "107"]
[EventDate "2019.09.05"]
[EventType "swiss"]
[EventRounds "9"]
[EventCountry "KGZ"]
[SourceTitle "CBM 195 Extra"]
[Source "ChessBase"]
[SourceDate "2020.05.31"]
[SourceVersion "1"]
[SourceVersionDate "2020.05.31"]
[SourceQuality "1"]

1. e4 c5 2. c3 d5 3. exd5 Qxd5 4. Nf3 Nc6 5. d4 Bg4 6. Be2 cxd4 7. cxd4 e6 8. 0-0 Rd8 9. Nc3 Qd7 10. Be3 Bd6 11. h3 Bh5 12. Ne4 Nge7 13. Qb3 b6 14. Rfd1 Nd5 15. Bb5 Bxf3 16. gxf3 0-0 17. Qa4 Nde7 18. Rac1 Rc8 19. Kg2 Bb8 20. Ba6 Rcd8 21. Bb5 Rc8 22. Rc2 f5 23. Ng5 h6 24. Rdc1 hxg5 25. Bxg5 Qxd4 26. Bxc6 Qxa4 27. Bxa4 Rxc2 28. Rxc2 Nd5 29. Bd7 Kf7 30. Rc6 Nf4+ 31. Kf1 e5 32. Bxf5 g6 33. Be4 Rh8 34. h4 Kg8 35. Bf6 Rh7 36. Bc2 Rc7 37. Rxc7 Bxc7 38. Bb3+ Kf8 39. Ke1 Ke8 40. Kd2 Kd7 41. Ke3 Nh5 42. Bg5 Kd6 43. Bf7 Nf4 44. Ke4 b5 45. Bf6 Kd7 46. Bxe5 Bxe5 47. Kxe5 Ng2 48. Bxg6 Nxh4 49. Be4 Ng2 50. f4 Ne1 51. Kd4 Kd6 52. Ke3 Kc5 53. b4+ Kd6 54. Kd2 1-0

[Event "KGZ-ch FL"]
[Site "Bishkek"]
[Date "2019.03.09"]
[Round "8"]
[White "Tapaev, Totuhan"]
[Black "Abdurahmanov, Kamil"]
[Result "1-0"]
[WhiteElo "1382"]
[BlackElo "1618"]
[PlyCount "104"]
[EventDate "2019.03.03"]
[EventType "swiss"]
[EventRounds "9"]
[EventCountry "KGZ"]
[SourceTitle "EXT 2021"]
[Source "ChessBase"]
[SourceDate "2020.10.23"]
[SourceVersion "1"]
[SourceVersionDate "2020.10.23"]
[SourceQuality "1"]

1. e4 e6 2. d4 d5 3. exd5 exd5 4. Qf3 Nf6 5. h3 Be7 6. Bd3 0-0 7. Ne2 Nbd7 8. 0-0 c5 9. c3 Qb6 10. dxc5 Nxc5 11. Bc2 Bd7 12. Nd2 Rfe8 13. b4 Nce4 14. Nb3 Rac8 15. Be3 Qa6 16. Bd4 Ng5 17. Qe3 Nh5 18. Bd3 Bb5 19. Bxb5 Qxb5 20. Qd2 Ne4 21. Qb2 b6 22. a4 Qd7 23. a5 Rc6 24. axb6 axb6 25. Nd2 Nhf6 26. Nf3 Bd6 27. b5 Rc4 28. Bxb6 g5 29. Nfd4 g4 30. h4 Nh5 31. Qc1 Qb7 32. Ra6 Nc5 33. Bxc5 Bxc5 34. Qg5+ Ng7 35. Nf5 Bf8 36. Ned4 Kh8 37. Qf6 Rxc3 38. Nh6 Qe7 39. Nxf7+ Kg8 40. Nh6+ Kh8 41. Qxe7 Bxe7 42. Re1 Rcc8 43. Ndf5 Nxf5 44. Nxf5 Bc5 45. Rxe8+ Rxe8 46. b6 g3 47. Nxg3 Rb8 48. Ra5 Bxb6 49. Rxd5 Rf8 50. Rf5 Rg8 51. Kh2 Bc7 52. Kh3 h6 1-0